|
|
|
|
| LEADER |
01171nam a2200277 a 4500 |
| 001 |
13754501 |
| 008 |
090602s2006 mau b 001 0 eng d |
| 010 |
|
|
|a 2004061025
|
| 020 |
|
|
|a 0072964464 (alk. paper)
|
| 020 |
|
|
|a 0071116133
|
| 040 |
|
|
|a DLC
|c DLC
|d DLC
|
| 082 |
0 |
0 |
|a 651.7
|2 22
|
| 100 |
1 |
|
|a Locker, Kitty O.
|
| 245 |
1 |
0 |
|a Business and administrative communication /
|c Kitty O. Locker.
|
| 250 |
|
|
|a 7th ed.
|
| 260 |
|
|
|a Boston, Mass. :
|b McGraw-Hill/Irwin,
|c c2006.
|
| 300 |
|
|
|a xxx, 686 p. :
|b ill. ;
|c 29 cm.
|
| 504 |
|
|
|a Includes bibliographical references and indexes.
|
| 541 |
1 |
|
|e 00013133
|
| 650 |
|
0 |
|a Business communication.
|
| 650 |
|
0 |
|a Communication in management.
|
| 852 |
4 |
|
|a Ayesha Abed Library
|j General Shelf.
|
| 942 |
0 |
0 |
|0 1
|
| 999 |
|
|
|c 1403
|d 1403
|
| 952 |
|
|
|0 0
|1 4
|2 ddc
|4 0
|6 651_700000000000000_LOC
|7 0
|9 1282
|a BRACUL
|b BRACUL
|c GEN
|d 2009-06-25
|g 0.00
|l 0
|o 651.7 LOC
|p 3010013133
|r 2009-06-25
|t 1
|w 2009-06-25
|y BK
|x No price found in the accession register.
|
| 952 |
|
|
|0 0
|1 0
|2 ddc
|4 0
|6 651_700000000000000_LOC
|7 0
|9 14583
|a BRACUL
|b BRACUL
|c GEN
|d 2011-03-09
|l 9
|m 45
|o 651.7 LOC
|p 3010013134
|r 2024-09-14
|s 2024-06-10
|t 2
|w 2011-03-09
|y BK
|x Price not available in Register
|